Los 12 Apóstoles - Estadísticas

Estadísticas generales
  • Esta prueba ha sido intentada 217 veces
  • La puntuación promedio es 7 de 13
Estadísticas de respuestas
Apóstol % Correcto
Juan
93%
Pedro
91%
Mateo
79%
Judas Iscariote
77%
Judas Tadeo
69%
Simón
54%
Tomás
47%
Andrés
44%
Felipe de Betsaida
43%
Santiago El Mayor
40%
Bartolomé
39%
Santiago El Menor
39%
Matías
16%
No se encontraron pruebas coincidentes
Distribución de puntuación
Porcentaje de gente con cada puntuación
Porcentaje por número respondido
Historial de tus puntuaciones
No has intentado esta prueba.